| 000 | 01274nam a22003017a 4500 | ||
|---|---|---|---|
| 003 | CHAP | ||
| 005 | 20240521084815.0 | ||
| 007 | ta | ||
| 008 | 221110s2021 |||b|||fs||||a001 0 spa d | ||
| 040 | _amxchpua | ||
| 090 |
_aT.C.866 _bP46 SAI _c2021 |
||
| 245 | 1 | 0 |
_aSistema miel / _ccoordinador Juan Pérez Barrón ; colaboradores Dulce Esmeralda Almaraz Ruiz...[y otros] |
| 260 |
_aChapingo, México : _bEl autor, _c2021 |
||
| 300 |
_a1 recurso en línea (44 páginas) : _bmapas |
||
| 336 |
_2rdacontent _atexto _btxt |
||
| 337 |
_2rdamedia _acomputadora _bc |
||
| 338 |
_2rdacarrier _arecurso en línea _bcr |
||
| 500 | _aGrado : 6° año Grupo : 05 | ||
| 502 |
_aViaje de Estudios _b(SAI) -- _cUACh. Departamento de Ingeniería Agroindustrial, _d2021 |
||
| 504 | _aBibliografía: páginas 41-43 | ||
| 650 | 1 | 3 |
_96241 _aApicultura _zMéxico |
| 650 | 1 | 3 |
_9143229 _aMiel y productos fabricados por abejas _xIndustria y comercio _zMéxico |
| 650 | 1 | 3 |
_9147737 _aApiculture _zMexico |
| 650 | 1 | 3 |
_9147739 _aHoney and bee products _xIndustry and trade _zMexico |
| 700 | 1 |
_9148338 _aPérez Barrón, Juan _ecoordinador |
|
| 700 | 1 |
_aAlmaraz Ruíz, Dulce Esmeralda _ecolaboradora _9185294 |
|
| 856 | 4 | 0 |
_uhttp://10.13.5.2/ve/T_C_866_SAI/T_C_866_SAI_2021-REPORTE_pdf _yDESCARGAR REPORTE |
| 999 |
_c217757 _d217757 |
||